|
|
|
|
| LEADER |
01338nab#a2200397#ar4500 |
| 001 |
000000504 |
| 003 |
SVKKK |
| 005 |
00000000000000.0 |
| 008 |
c xo e engo |
| FMT |
|
|
|
| 038 |
|
|
|a SVKKK
|
| 040 |
|
|
|a SVKKK
|b slo
|e AACR2
|
| 041 |
0 |
|
|a eng
|b eng
|
| 044 |
|
|
|a xo
|c SK
|
| 080 |
|
|
|a 551.781.
|2 1981
|
| 080 |
|
|
|a 551.782.
|2 1981
|
| 080 |
|
|
|a 563.1
|2 1981
|
| 100 |
1 |
|
|a Andreyeva-Grigorovich, A.S.
|4 aut
|
| 242 |
1 |
0 |
|a Biostratigrafický základ paleogénu - neogénu na rozhraní centrálneho (Ukrajinské Karpaty) a východného (Čiernomorská depresia, Severný Kaukaz) Paratethytu
|
| 245 |
1 |
0 |
|a The biostratigraphic basis of the paleogene - neogene boundary in the Central (Ukrainian Carpathians) and Eastern (Black sea depression, Northern Caucasus) Paratethys
|c Andreyeva-Grigorovich A.S., Gruzman A.D.
|
| 300 |
|
|
|b Obr. 7,
|
| 504 |
|
|
|a Res. angl., lit. 16 zázn. v angl.
|
| 650 |
0 |
4 |
|a foraminifery
|
| 650 |
0 |
4 |
|a miocén
|x biostratigrafia
|x štúdie
|
| 650 |
0 |
4 |
|a nanoplanktón
|z Paratethys
|
| 650 |
0 |
4 |
|a oligocén
|
| 700 |
1 |
|
|a Gruzman, A.D.
|4 aut
|
| 773 |
0 |
|
|t Geologica Carpathica
|x 0016-7738
|g Roč. 45, č. 6(1994), dát. december, s. 333-342
|
| 958 |
|
|
|a MS
|
| 958 |
|
|
|a NB
|
| 958 |
|
|
|a NP
|
| 974 |
|
|
|d 950425
|a 244
|
| 992 |
|
|
|a RBX
|
| BAS |
|
|
|
| 852 |
|
|
|a SVKKK
|b BIB
|
| 998 |
|
|
|a GEO
|